000 01394aab a2200241 i 4500
001 768714001
003 CO-MdFUSB
005 20240809101042.0
008 240809t2001 -us||||| |||| 00| 0 eng d
040 _bspa
_cCO-MdFUSB
041 _aeng
100 1 _aSingh, Maina Chawla
_eautor
245 1 0 _aGender, mission, and higher education in cross-cultural context :
_bIsabella Thoburn in India
_c/ Maina Chawla Singh
520 _aUna de las primeras universidades para mujeres en Asia, Isabella Thoburn College (ITC), como se menciona en este artículo, fue fundada por la primera mujer misionera patrocinada por la Sociedad de Mujeres Misioneras Extranjeras de la Iglesia Metodista Episcopal. La historia temprana de la ITC traza el trabajo de vida y la carrera misionera de Thoburn. Sus iniciativas ofrecen una ventana al paradigma histórico y sociológico de la India colonial del siglo XIX, dentro del cual las misioneras occidentales iniciaron el "trabajo de la mujer para la mujer" en culturas no cristianas.
546 _aTexto en inglés.
650 7 _aMujeres
_xDerechos
_9325
650 0 _aMisiones
_9154
650 0 _aEvangelización
_9362
650 0 _aBiografías cristianas
_91238
773 0 _tInternational Bulletin
_049483
_960995
_gVolumen 25, (número 4, 2001), páginas: 165 - 169
_qpágina: 165
942 _cANA
945 _aCatherine Arias Álvarez - Practicante SENA
999 _c57242
_d57242